000 00609cam a2200181 4500
082 _a621.8
_bMCK
100 1 _aMcKay, Robt. F.
_941921
245 1 4 _aThe theory of machines,
_cby Robt. F. McKay.
260 _aLondon,
_bE. Arnold,
_c1915.
300 _aviii, 440 p.
_btables, diagrs.
_c23 cm.
505 0 _aPt. I. Mechanics.--pt. II. Kinematics of machines.--pt. III. Dynamics of machines.
526 _a0
_b0
_c0
_d621_800000000000000_MCK
526 _a0
_b0
_c0
_d621_800000000000000_MCK
526 _a0
_b0
_c0
_d621_800000000000000_MCK
650 0 _aMachinery.
_941113
650 0 _aMCE
_9379
942 _2ddc
_cBK
999 _c545944
_d545944